000 00405nam a2200169Ia 4500
008 230524s9999 xx 000 0 und d
082 _a621.31
_bMUK
100 _aP.K.Mukharjee
245 0 _aElectrical Machines
250 _a2ND
260 _aNEW DELHI
_bDhanpat Rai
_c2005
300 _aXV;1013
500 _aQuantity Number: 52
650 _aElectrical
700 _a S.Chakrabarti
942 _cBK
999 _c30794
_d30794